<?xml version="1.0" encoding="UTF-8"?>
<collection xmlns="http://www.loc.gov/MARC21/slim">
<record>
  <controlfield tag="001">107815</controlfield>
  <controlfield tag="005">20211026193411.0</controlfield>
  <datafield tag="024" ind1="7" ind2=" ">
    <subfield code="2">doi</subfield>
    <subfield code="a">10.26754/CINAIC.2021.0115</subfield>
  </datafield>
  <datafield tag="037" ind1=" " ind2=" ">
    <subfield code="a">COMPON-2021-CINAIC-0115</subfield>
  </datafield>
  <datafield tag="041" ind1=" " ind2=" ">
    <subfield code="a"></subfield>
  </datafield>
  <datafield tag="100" ind1=" " ind2=" ">
    <subfield code="a">Yong Ayón, Danny</subfield>
    <subfield code="u">Universidad de Piura, Perú</subfield>
  </datafield>
  <datafield tag="245" ind1=" " ind2=" ">
    <subfield code="a">Un modelo de aprendizaje servicio: sistema de ayuda al diseño y construcción de viviendas humildes con quincha como material estructural en Perú</subfield>
  </datafield>
  <datafield tag="260" ind1=" " ind2=" ">
    <subfield code="a">Zaragoza</subfield>
    <subfield code="b">Universidad de Zaragoza, Servicio de Publicaciones</subfield>
    <subfield code="c">2021</subfield>
  </datafield>
  <datafield tag="300" ind1=" " ind2=" ">
    <subfield code="e">5</subfield>
  </datafield>
  <datafield tag="520" ind1="3" ind2=" ">
    <subfield code="a">Se presenta un diseño de proyecto de aprendizaje servicio para cursos de ingeniería, cuyo horizonte principal es promover mejoras o soluciones de bajo coste en los sistemas constructivos de viviendas humildes en regiones susceptibles de ocurrencia de terremotos o temporales. Los potenciales beneficiarios son los sectores más humildes de la población del Perú que tradicionalmente construyen con quincha, un material vegetal asequible en zonas rurales de bajos recursos económicos. Los objetivos educativos de este proyecto son: 1) incorporar mejoras en los procesos de aprendizaje activo que reemplacen a las tradicionales sesiones pasivas de pizarra; 2) que el alumnado adquiera conocimientos sólidos demostrables; 3) mejorar el material docente disponible en las asignaturas implicada para futuros aprendizajes, más dinámicos; 4) ofrecer un método transferible a otras asignaturas o titulaciones que traten sobre estos contenidos. Su planteamiento versa sobre la aplicación del aprendizaje basado en retos. Se emplea en asignaturas de Máster de Ingeniería, con cifras de entre 20 y 30 estudiantes matriculados. Uno de los resultados esperados es el desarrollo de un manual de recomendaciones constructivas para estas viviendas.</subfield>
  </datafield>
  <datafield tag="506" ind1=" " ind2=" ">
    <subfield code="a">Access copy available to the general public</subfield>
    <subfield code="f">Unrestricted</subfield>
  </datafield>
  <datafield tag="540" ind1=" " ind2=" ">
    <subfield code="9">info:eu-repo/semantics/openAccess</subfield>
    <subfield code="a">by-nc-nd</subfield>
    <subfield code="u">http://creativecommons.org/licenses/by-nc-nd/3.0/es/</subfield>
  </datafield>
  <datafield tag="653" ind1="1" ind2=" ">
    <subfield code="a">aprendizaje servicio</subfield>
  </datafield>
  <datafield tag="653" ind1="1" ind2=" ">
    <subfield code="a">cooperación al desarrollo</subfield>
  </datafield>
  <datafield tag="653" ind1="1" ind2=" ">
    <subfield code="a">innovación educativa</subfield>
  </datafield>
  <datafield tag="653" ind1="1" ind2=" ">
    <subfield code="a">vivienda humilde</subfield>
  </datafield>
  <datafield tag="653" ind1="1" ind2=" ">
    <subfield code="a">comportamiento estructural</subfield>
  </datafield>
  <datafield tag="653" ind1="1" ind2=" ">
    <subfield code="a">quincha</subfield>
  </datafield>
  <datafield tag="653" ind1="1" ind2=" ">
    <subfield code="a">bahareque  </subfield>
  </datafield>
  <datafield tag="653" ind1="1" ind2=" ">
    <subfield code="a">service-learning</subfield>
  </datafield>
  <datafield tag="653" ind1="1" ind2=" ">
    <subfield code="a">development cooperation</subfield>
  </datafield>
  <datafield tag="653" ind1="1" ind2=" ">
    <subfield code="a">educational innovation</subfield>
  </datafield>
  <datafield tag="653" ind1="1" ind2=" ">
    <subfield code="a">low-cost family houses</subfield>
  </datafield>
  <datafield tag="653" ind1="1" ind2=" ">
    <subfield code="a">structural response</subfield>
  </datafield>
  <datafield tag="653" ind1="1" ind2=" ">
    <subfield code="a">quincha</subfield>
  </datafield>
  <datafield tag="653" ind1="1" ind2=" ">
    <subfield code="a">bahareque  </subfield>
  </datafield>
  <datafield tag="655" ind1=" " ind2="4">
    <subfield code="a">Comunicación</subfield>
  </datafield>
  <datafield tag="700" ind1=" " ind2=" ">
    <subfield code="a">Chiyón Carrasco,  Isabel</subfield>
    <subfield code="u">Universidad de Piura, Perú</subfield>
  </datafield>
  <datafield tag="700" ind1=" " ind2=" ">
    <subfield code="a">Resano Resano, David</subfield>
    <subfield code="u">Universidad de Piura, Perú</subfield>
  </datafield>
  <datafield tag="700" ind1=" " ind2=" ">
    <subfield code="a">Mosquera, Juan Carlos</subfield>
    <subfield code="u">Universidad Politécnica de Madrid, España</subfield>
  </datafield>
  <datafield tag="700" ind1=" " ind2=" ">
    <subfield code="a">García Alberti, Marcos</subfield>
    <subfield code="u">Universidad Politécnica de Madrid, España</subfield>
  </datafield>
  <datafield tag="773" ind1=" " ind2=" ">
    <subfield code="d">Zaragoza</subfield>
    <subfield code="g">Actas del VI Congreso Internacional sobre aprendizaje, innovación y cooperación, CINAIC 2021</subfield>
  </datafield>
  <datafield tag="856" ind1="4" ind2=" ">
    <subfield code="s">879336</subfield>
    <subfield code="u">http://zaguan.unizar.es/record/107815/files/115.pdf</subfield>
  </datafield>
  <datafield tag="909" ind1="C" ind2="O">
    <subfield code="o">oai:zaguan.unizar.es:107815</subfield>
    <subfield code="p">comunicaciones-ponencias</subfield>
  </datafield>
  <datafield tag="970" ind1=" " ind2=" ">
    <subfield code="a">COMPON-2021-CINAIC-0115</subfield>
  </datafield>
  <datafield tag="980" ind1=" " ind2=" ">
    <subfield code="a">COMPON</subfield>
  </datafield>
</record>
</collection>